La península de las casas vacías /

Uloženo v:
Podrobná bibliografie
Hlavní autor: Uclés, David (autor)
Médium: Kniha
Jazyk:španělština
Vydáno: Madrid, España : Siruela, 2025, c2025
Vydání:15a edición
Edice:(Nuevos Tiempos ; 529)
Témata:
Tagy: Přidat tag
Žádné tagy, Buďte první, kdo vytvoří štítek k tomuto záznamu!

MARC

LEADER 00000nam^a2200000^a^4500
001 000614984
005 20250815000000.0
009 20260310133652.343
020 |a 978-84-19942-31-9 
037 |a Acervo ITESO - Biblioteca 
041 |a ESP 
082 |a 863.  |b UCL 
100 |a Uclés, David  |e (autor) 
245 1 3 |a La península de las casas vacías /  |c D. Uclés. 
250 |a 15a edición 
264 4 |a Madrid, España :  |b Siruela,  |c 2025, c2025 
300 |a 697 p. 
336 |a texto  |b txt  |2 rdacontenido 
337 |a sin mediación  |b n  |2 rdamedio 
338 |a volumen  |b nc  |2 rdasoporte 
440 1 |a (Nuevos Tiempos ;  |v 529) 
521 |a Peticiones 2025 
649 |a XX 
650 |a Novela Histórica -  |z España 
650 |a Novela Española 
650 |a Literatura Española -  |y Siglo XXI 
650 |a Guerra Civil en la Literatura 
650 |a España en la Literatura 
650 |a España -  |x Historia -  |y Guerra Civil, 1936-1939 
910 |a Fondo General 
920 |a Impresos - Libros 
930 |a Colección General 
940 |a Literatura 
905 |a 101 
901 |a 614984-10  |b IT1  |c LIT  |i C189973  |u 20250815 
902 |a https://opac.biblio.iteso.mx/vufind/Record/000614984